| 000 | 00501cam a2200193ua 4500 | ||
|---|---|---|---|
| 001 | 1717 | ||
| 008 | 110716n ii |||gr||||Z||||||eng | ||
| 040 | _cMAIN | ||
| 082 | _a330.1 | ||
| 100 |
_aSahoo, Basudeb, _eAuthor. |
||
| 245 | 1 |
_aComparative economic system _cby Basudeb Sahoo |
|
| 250 | _a1st. | ||
| 260 |
_anew Delhi: _bKalyani Publishers,996. |
||
| 300 |
_a443p: _c23cm. |
||
| 653 | _aEconomics | ||
| 653 | _aComparative economic system | ||
| 700 |
_aSahoo, Amarendra, _eAuthor. |
||
| 942 | _cBK | ||
| 999 |
_c1601 _d1601 |
||